01007nam a2200253 i 4500003000900000005001700009007000300026008004100029040003000070082001400100100005000114245009000164264006600254300002800320336002700348337003400375338002800409504002900437590002700466910001400493942001400507952021500521999001700736DO-SdBNP20240909091026.0ta240909s1962 cu 000 j spa d aDO-SdBNPbspacBNPHUerda bG633R2221 aRodríguez Rodríguez, Amalia911765eautor10aAlgunos documentos políticos de Máximo Gómez / cAmalia Rodríguez Rodríguez 1aLa Habana, Cuba :bBiblioteca Nacional José Martí,c1962. a51 páginas, c23 cm. 2rdacontentatextobtxt 2rdamediaasin mediación bn 2rdacarrieravolumenbnc aBibliografía p: 49-51. aInventariado, 2024/ YL aYLockward 2ddccLBS1 00102ddc51708PD-RVaBNPHUbBNPHUcCTd2023-03-01eDonado por Emilio Cordero Michell0oBNPHU PD R696ap2024-5264r2024-09-09w2024-09-09yLBS1zPerteneció a la biblioteca personal de Emilio Cordero Michel c57649d57649